00611nam a22002057a 450000500170000001000130001702000230003003500130005303700160006604000120008208200160009410000190011024501100012926000450023927000140028430000240029850000190032265000350034165000290037620170124110244.0 aB-225920 c595.00a0195679210 aB-225920 bCen Lib/Ret aDPLbEN a260.35bPAS aPashaura Singh aLife and work of Guru Arjan : cby Pashaura Singhbhistory, memory, and biography in the Sikh tradition / aNew DelhibOxford University Pressc2006 bNew Delhi axv,317p. c20cm(Hb) aIncludes index aArjun, -- Guru, -- 1563-1606.  aSikh gurus -- Biography.